[Event "4NCL/Div1/CAMB1 vs. SLOS1"]
[Site "Sunningdale ENG"]
[Date "2008.05.05"]
[Round "11.5"]
[White "Conlon, Joe"]
[Black "Williams, Samuel G"]
[Result "1/2-1/2"]
[WhiteElo "2194"]
[BlackElo "2249"]
[PlyCount "164"]
[EventDate "2008.05.05"]
[EventCountry "ENG"]
[SourceDate "2007.09.15"]

1. e4 c5 2. Nf3 Nc6 3. d4 cxd4 4. Nxd4 Nf6 5. Nc3 e5 6. Ndb5 d6 7. Bg5 a6 8.
Bxf6 gxf6 9. Na3 b5 10. Nd5 f5 11. Bd3 Be6 12. c3 Bg7 13. Qh5 O-O 14. Ne3 f4
15. Nf5 Bxf5 16. exf5 e4 17. Bxe4 Re8 18. f3 b4 19. Nc4 Ne5 20. Nxe5 Rxe5 21.
O-O d5 22. Bd3 bxc3 23. bxc3 Qb6+ 24. Kh1 Qe3 25. Rad1 Rc8 26. Qh4 Rxc3 27. f6
Bxf6 28. Qxf6 Rxd3 29. Qxe5 Qxe5 30. Rxd3 Qe2 31. Rfd1 Qxa2 32. Rxd5 a5 33.
R5d2 Qa3 34. h3 Kg7 35. Kh2 a4 36. Rd4 Qa2 37. Rxf4 h5 38. Rfd4 a3 39. R4d2 Qe6
40. Kh1 Qc4 41. Ra1 Qc3 42. Rda2 Kg6 43. Rxa3 Qe5 44. Ra6+ f6 45. R6a5 Qc3 46.
R5a3 Qb2 47. Ra4 Qc3 48. Rd1 Qb3 49. Rad4 Qc2 50. Re1 Qf2 51. Rde4 Qd2 52. Kh2
Qd6+ 53. f4 Qd2 54. R1e2 Qd3 55. R4e3 Qc4 56. Rf2 Kf5 57. Rff3 Qd4 58. Re8 Qd5
59. Rh8 Ke4 60. f5 Qe5+ 61. Kg1 Qc5+ 62. Rf2 Qc1+ 63. Rf1 Qg5 64. Re8+ Kd3 65.
Rf3+ Kd4 66. Re1 Qd2 67. Rff1 Qh6 68. Kh1 Kd3 69. Re6 Qg5 70. Rf3+ Kd4 71. Kh2
Kd5 72. Rf1 Kd4 73. Re2 Kd3 74. Rff2 Qc1 75. h4 Qc7+ 76. g3 Qc5 77. Rc2 Qb6 78.
Rb2 Qc5 79. Rf4 Qe5 80. Rbf2 Qc5 81. R2f3+ Ke2 82. Kg2 Qd5 1/2-1/2

[Event "4NCL/Div1/CAMB1 vs. SLOS1"]
[Site "Sunningdale ENG"]
[Date "2008.05.05"]
[Round "11.6"]
[White "Ruston, Mark R"]
[Black "Pickard, Charles"]
[Result "1/2-1/2"]
[WhiteElo "2128"]
[BlackElo "2185"]
[PlyCount "56"]
[EventDate "2008.05.05"]
[EventCountry "ENG"]
[SourceDate "2007.09.15"]

1. e4 c5 2. Nc3 e6 3. g3 Nc6 4. Bg2 g6 5. d3 Bg7 6. Be3 d6 7. Qd2 Nge7 8. Nge2
Nd4 9. O-O O-O 10. Rae1 Bd7 11. f4 f5 12. Nc1 Qb6 13. Nd1 fxe4 14. dxe4 Bb5 15.
Rf2 d5 16. c3 dxe4 17. b4 Qd8 18. Bxe4 Nef5 19. Bxb7 Rb8 20. Bg2 Nxe3 21. Qxe3
cxb4 22. cxd4 Bxd4 23. Qxe6+ Kh8 24. Qd5 Qxd5 25. Bxd5 Rfd8 26. Bf3 Rbc8 27.
Nb3 Bxf2+ 28. Nxf2 Rc2 1/2-1/2

[Event "4NCL/Div1/CAMB1 vs. SLOS1"]
[Site "Sunningdale ENG"]
[Date "2008.05.05"]
[Round "11.7"]
[White "Cooley, Oliver"]
[Black "Van Weersel, Arlette"]
[Result "1/2-1/2"]
[WhiteElo "2117"]
[BlackElo "2203"]
[PlyCount "87"]
[EventDate "2008.05.05"]
[EventCountry "ENG"]
[SourceDate "2007.09.15"]

1. e4 e5 2. Nf3 Nc6 3. Nc3 Nf6 4. Bb5 Nd4 5. Bc4 Bc5 6. d3 O-O 7. Bg5 c6 8. O-O
h6 9. Bh4 g5 10. Bg3 d5 11. exd5 cxd5 12. Nxd5 Nxd5 13. Nxe5 Be6 14. Qh5 Kg7
15. c3 Nf5 16. d4 Bb6 17. Bd3 Nf6 18. Qe2 Rc8 19. f4 Nxg3 20. hxg3 Bc7 21. Kh2
Bxe5 22. fxe5 Nd5 23. Qe4 Rh8 24. c4 Nb4 25. d5 Nxd5 26. cxd5 Qxd5 27. Qf3 Qxf3
28. gxf3 Rhd8 29. Rad1 Bxa2 30. f4 Bb3 31. Bf5 Bxd1 32. Bxc8 Rxc8 33. Rxd1 Rc2+
34. Kh3 gxf4 35. gxf4 Rxb2 36. Rd7 Kf8 37. Kg4 a5 38. f5 a4 39. f6 Ke8 40. Re7+
Kf8 41. Rc7 h5+ 42. Kxh5 Ke8 43. Re7+ Kf8 44. Rc7 1/2-1/2